00598 2200253 4500001002100000005001500021035002000036007000300056008004100059020001800100082000800118084001400126100001900140245002900159250000600188260003400194300004200228650001000270650001200280650001200292650001400304990001300318990001300331INLIS00000000003854620201122112738 a0010-1120000063ta201122 0 ind  a9786026542168 a503 a503 WIJ e1 aWijana, Nyoman1 aEvolusi /cNyoman Wijana a1 aYogyakarta :bInnosain,c2017 axx, 366 halaman :bilustrasi ;c24 cm 4aSains 4aEvolusi 4aScience 4aEvolution a20/00220 a20/00221